000 00392nam a2200097Ia 4500
008 180130s9999 xx 000 0 und d
245 _cRudman, Riaan; Steenkamp, Len
_aWeb 2.0 usage and security practices of online users at a South African university
260 _c2016
300 _aBook title: Information technology management--Acession number C20746; pages 167-173
650 _aIT MANAGEMENT
999 _c354271
_d354271